Výkladový slovník ekonomických pojmov

Na minha lista:
Detalhes bibliográficos
Autor principal: Šlosár, Rudolf
Outros Autores: Šlosárová, Anna, Majtán, Štefan
Formato: Livro
Idioma:eslovaco
Publicado em: Bratislava SPN 2002
Edição:3. upravené vyd.
Assuntos:
Tags: Adicionar Tag
Sem tags, seja o primeiro a adicionar uma tag!

MARC

LEADER 00000nam a2200000 4500
001 c138005
005 20221124091448.5
020 |a 80-08-03334-7 
041 0 |a slo 
044 |a SK 
245 1 0 |a Výkladový slovník ekonomických pojmov  |c Rudolf Šlosár, Anna Šlosárová, Štefan Majtán 
250 |a 3. upravené vyd. 
264 1 |a Bratislava  |b SPN  |c 2002 
300 |a 254 s. 
610 2 0 |a terminológia 
610 2 0 |a pojmy 
610 2 0 |a ekonómia 
100 1 |a Šlosár, Rudolf 
700 1 |a Šlosárová, Anna 
700 1 |a Majtán, Štefan